000 00369nam a2200157Ia 4500
005 20250423094412.0
008 250422s9999 xx 000 0 und d
020 _a978- 0- 7432- 2432- 4
050 _aPS3563.C33757
100 _aStephen McCauley
245 0 _aAlternatives to sex
260 _bSimon & Schuster
260 _c2006
300 _a289 p
942 _cBK
999 _c27133
_d27133